000 00666cam a2200241 4500500
005 20260405000842.0
041 _afre
042 _adc
100 1 0 _aLequin, Mathilde
_eauthor
245 0 0 _aLa gloire de nos pieds
260 _c2009.
500 _a84
690 _aAnatomie
690 _aAnthropologie
690 _aCourse à pied
690 _aDarwin
690 _aÉvolution
690 _aGrands Singes
690 _aHegel
690 _aRousseau
786 0 _nPhilosophie magazine | 35 | 12 | 2009-12-01 | p. 18-18 | 1951-1787
856 4 1 _uhttps://shs.cairn.info/magazine-philosophie-magazine-2009-12-page-18?lang=fr&redirect-ssocas=7080
999 _c2041445
_d2041445